Statistics for Can You Name The First 5 Different Teams That Were..........

Click here to take the quiz!

General Stats

  • This quiz has been taken 29 times
  • The average score is 14 of 20

Answer Stats

HintAnswer% Correct
European Championship Winners | World Cup WinnersItaly
96%
World Cup WinnersBrazil
93%
Premier League WinnersManchester United
89%
World Cup WinnersUruguay
86%
European Championship WinnersSpain
82%
Premier League WinnersArsenal
82%
World Cup WinnersEngland
79%
Premier League WinnersChelsea
79%
Champions League WinnersAC Milan
75%
Champions League WinnersJuventus
71%
Premier League WinnersManchester City
68%
European Championship Winners | World Cup WinnersWest Germany
68%
European Championship WinnersSoviet Union
68%
Champions League WinnersAjax
54%
European Championship WinnersCzechoslovakia
50%
Premier League WinnersBlackburn Rovers
46%
Champions League WinnersBorussia Dortmund
29%
Champions League WinnersMarseilles
4%

Score Distribution

Percentile by Number Answered

Percent of People with Each Score

Your Score History

You have not taken this quiz